| 000 | 00898nam a22002777a 4500 | ||
|---|---|---|---|
| 003 | 0 | ||
| 005 | 20180729112613.0 | ||
| 008 | 0 | ||
| 010 | _aB-167313 | ||
| 020 |
_c400.00 _a9788180691804 |
||
| 035 | _aB-167313, B-167314 | ||
| 037 | _bCen Lib/Ret | ||
| 040 |
_aDPL _bEN _c0 |
||
| 082 |
_a291.175 _bGAN |
||
| 100 |
_aGangrade, K.D. _973424 |
||
| 245 |
_aConcept of truth in science and religion / _cby K.D. Gangrade, L.S. Kothari [and] A.R. Verma |
||
| 260 |
_aNew Delhi _bConcept Publishing Company _c2005 |
||
| 270 |
_bNew Delhi _aA/15-16, commercial block, mohan garden _e110059 |
||
| 300 |
_a228p. _c21cm(Hb) |
||
| 500 | _aIncludes bibliographical references and index | ||
| 650 |
_aPhilosophy and science _99659 |
||
| 650 |
_aReligion and science _911093 |
||
| 700 |
_aKothari, L.S. _919199 |
||
| 700 |
_aVerma, A.R. _919200 |
||
| 942 |
_2ddc _cEN _h291.175 _mGAN |
||
| 999 |
_c127037 _d127037 |
||